LEADER 00997nam a2200229 i 4500 001 000000161955 003 CaOOAMICUS 005 20231012165610.0 008 070604s1965 it u000 u ita u 040 $aSeMil$bita 100 1 $aAsor Rosa, Alberto,$d<1933-2022>.$0(OLS)http://semarc/name/1006 245 10$aScrittori e popolo :$bsaggio sulla letteratura populista in Italia /$cAlberto Asor Rosa. 264 1$aRoma :$bSamonà e Savelli,$c1965. 300 $a560 p. ;$c21 cm. 490 1 $aSaggistica ;$v3 650 4$aLetteratura popolare italiana.$0(OLS)http://semarc/subject/15298 830 0$aSaggistica ;$v3.$0(OLS)http://semarc/title/419677 850 $aSeMil 852 $aSeMil$W1$xVenegono$y1$m1O II 384$j243905$B113332$CSeMilBibl$Z2$F123967 $81 996 $6245$aScrittori e popolo :$bsaggio sulla letteratura populista in Italia$9(OLS)http://semarc/title/145377 996 $6264$aRoma :$bSamonà e Savelli$9(OLS)http://semarc/publisher/31756 LEADER 00732nam a2200205 i 4500 001 000000218670 003 CaOOAMICUS 005 20130215000000.0 008 130215s2012 sp u000 u spa u 013 $a197567 020 $a978-84-9014-173-1 040 $aSeMil$bita 245 12$aA iure-Celibato. 300 $a1030 p. 773 0 $tDiccionario general de derecho canónico.$dPamplona : Universidad de Navarra, 2012.$z978-84-9014-174-8$g1$w()9560 850 $aSeMil 852 $aSeMil$W1$xVenegono$y1$mSL1.N VI 67$j258084$B169077$CSeMilBibl$Z2$F179834 $8I 961 $aAcquisto: Casa editrice 996 $6020$a978-84-9014-173-1$9(OLS)http://semarc/number/216483 996 $6245$aA iure-Celibato$9(OLS)http://semarc/title/313908